LEADER 00890nam a2200169 i 4500 001 000000229399 003 CaOOAMICUS 005 20140508000000.0 008 140508s1830 it u000 u lat u 013 $a208301 040 $aSeMil$bita 245 10$a[3]. 300 $aP. 1137-1712. 773 0 $aGaisruck, Karl Kajetan : von <1769-1846>$tThesaurus Patrum floresque doctorum ... dicta, sententiae et exampla ex ss. patribus probatissimisque scriptoribus collecta, et per locos comunes distributa, cura et opere plurimorum rebus sacris addictorum. Opus eminentissimo et reverendissimo Carolo Cajetano s.r.e. cardinali Gajsruck archiepiscopo mediolanensi humiliter dicatum.$dMediolani : Apud A. F. Stella et fil., 1827-1830$g3$w()29827 850 $aSeMil 852 $aSeMil$W1$xVenegono$y1$m2T II 34 FA$j179745$B179745$CSeMilBibl$Z2$F190858 $8I 996 $6245$a[3]$9(OLS)http://semarc/title/108876 LEADER 00872nas a2200217 i 4500 001 000000190197 003 CaOOAMICUS 005 20100603000000.0 008 100603b2005 xxuuu u0 0mul r 013 $a168563 040 $aSeMil$bita 245 10$a[2005] /$cEditors Charles H. Lohr ... [et al.]. 260 $aNew York :$bFordham University,$c2005. 300 $a385 p. :$btabelle ;$c25 cm. 700 1 $aLohr, Charles H.,$c.$0(OLS)http://semarc/name/90371 773 0 $tTraditio.$dNew York : Cosmopolitan Science & Art Service Co., 1943.$x0362-1529$w()3066 850 $aSeMil 852 $aSeMil$W1$xVenegono$y1$m247 4 29$j140825$B140825$CSeMilBibl$Z2$F152412 $85 961 $aAcquisto: E.S. Burioni 996 $6245$a[2005]$9(OLS)http://semarc/title/199108 996 $6260$aNew York :$bFordham University$9(OLS)http://semarc/publisher/50197